Itävalta-Unkarin valtiot kartalla - Statistics

Yleistilastot
  • Tätä visaa on pelattu 2 249 kertaa
  • Keskiarvotulos 12 / 13
Vastaukset kartalla
Vastauksille on annettu kartalla punavihreä väri sen mukaan, kuinka moni on saanut sen oikein.
 
Vastaustilastot
Valtio % Oikein
Unkari
99%
Itävalta
98%
Slovakia
97%
Slovenia
97%
Kroatia
96%
Tšekki
96%
Bosnia ja Hertsegovina
93%
Romania
92%
Serbia
91%
Ukraina
87%
Puola
86%
Italia
85%
Montenegro
79%
Ehtoja vastaavia visoja ei löytynyt
Tulosjakauma
Jokaisen tuloksen saaneiden osuus
Persentiili vastausten määrän mukaan
Tuloshistoriasi
Et ole pelannut tätä visaa